|
|
|
|
| LEADER |
00000cam a2200000 7i4500 |
| 001 |
0000044014 |
| 005 |
20141211.0 |
| 008 |
141207 |
| 020 |
|
|
|a 9789867903105
|
| 020 |
|
|
|a 9867903102
|
| 090 |
0 |
0 |
|a 294.344
|b LUS
|
| 100 |
1 |
|
|a Lu, Sheng-Yen
|
| 245 |
1 |
0 |
|a Qing liang de yi nian :
|b "Yezi Hu" bi guan shou zha :
|b Cheongju cool an idea: "Leaf lake" retreat letter (Chinese)
|c Lu Sheng-Yen
|
| 260 |
|
|
|a Taoyuan Country :
|b Headlights Publications Inc. ,
|c 2002
|
| 300 |
|
|
|a 207pg. :
|b 21cm
|
| 650 |
|
0 |
|a Religious life
|x Buddhism
|
| 650 |
|
0 |
|a Spiritual life
|x Buddhism
|
| 999 |
|
|
|a 0001336053
|b Book
|c Chinese Collection
|e Cawangan Urban Transformation Centre
|